Mộc bản Hải Dương - từ đình Liễu Chàng đến chùa Vĩnh Khánh tìm hiểu qui trình tạo tác khắc in kinh sách /
Zapisane w:
| 1. autor: | |
|---|---|
| Format: | Artykuł |
| Język: | Vietnamese |
| Hasła przedmiotowe: | |
| Etykiety: |
Dodaj etykietę
Nie ma etykietki, Dołącz pierwszą etykiete!
|
| Thư viện lưu trữ: | Thư viện Trường Đại học Đà Lạt |
|---|
| LEADER | 00820nam a2200253 4500 | ||
|---|---|---|---|
| 001 | DLU180186568 | ||
| 005 | ##20180830 | ||
| 040 | # | # | |a DLU |b vie |
| 041 | # | # | |a vie |
| 044 | # | # | |a vn |
| 100 | # | # | |a Nguyễn Công Việt. |
| 245 | # | # | |a Mộc bản Hải Dương - từ đình Liễu Chàng đến chùa Vĩnh Khánh tìm hiểu qui trình tạo tác khắc in kinh sách / |c Nguyễn Công Việt. |
| 653 | # | # | |a Di sản mộc bản |
| 653 | # | # | |a Di sản văn hóa |
| 653 | # | # | |a Hải Dương |
| 773 | # | # | |t Tạp chí Hán Nôm |g Số 6(145), 2017, tr. 34-41 |
| 920 | # | # | |a Phòng Tạp chí -- Trung tâm Thông tin - Thư viện Trường Đại học Đà Lạt |
| 900 | # | # | |a True |
| 911 | # | # | |a Hoàng Thị Huyền |
| 925 | # | # | |a G |
| 926 | # | # | |a A |
| 927 | # | # | |a BB |
| 980 | # | # | |a Thư viện Trường Đại học Đà Lạt |